000 00650nam a2200277Ia 4500
005 20260324134041.0
008 008 260324s9999 xx 000 0 eng d
020 _a9780429228988
037 _aEBOOK
040 _aCRL
040 _beng
040 _cCRL
041 _2eng
041 _aeng
084 _qCRL
100 _aAsh Amin; Angus Cameron; Ray Hudson
_91195384
245 0 _aPlacing the Social Economy
260 _bTaylor and Francis
260 _c2002
365 _a
365 _b340
856 _uhttp://www.taylorfrancis.com/books/9780429228988
942 _cEBOOK
999 _c1795045
_d1795045